| 000 | 00607nam a2200205Ia 4500 | ||
|---|---|---|---|
| 008 | 131103s9999 xx 000 0 und d | ||
| 040 | _aLoreto College | ||
| 041 | _aEnglish | ||
| 082 |
_a808/BOS _bLCLIB(Press)/334 |
||
| 100 | _aBose, Radhika Nath | ||
| 245 |
_aElements of english rhetoric and prosody _cRadhika Nath Bose; revised by T S Sterling |
||
| 250 | _a20th ed. | ||
| 260 |
_aCalcutta _bChuckervertty, Chatterjee _c1970 |
||
| 300 |
_a195p. _c 18cm. |
||
| 504 | _aIncludes index | ||
| 650 | _aRhetoric literature | ||
| 700 | _aSterling, T S; rev. | ||
| 850 | _aLCLIB/808/BOS | ||
| 942 | _cBK | ||
| 999 |
_c24774 _d75253 |
||